000 00669nam a22002173 4500
001 34993
003 BD-RjUL
005 20211209052237.0
008 140520s1964 enk 000 0 eng d
035 _a(BD-RjUL)35087
_aOCLC pks04087711 from D970414K
040 _aEQO
_cEQO
_beng
_dBD-RjUL
041 _aeng
082 0 4 _221
_a361.320941
_bWAS 1964
100 1 _aWallis, Jack H.
_9106553
245 1 0 _aSomeone to turn to /
_cJack H. Wallis.
260 _aLondon :
_bRoutledge & Kegan Paul,
_cc1964.
300 _aix, 113 p. ;
_c22 cm.
504 _aIncludes bibliographical references and index.
650 0 _aSocial service
_zGreat Britain.
_9106554
942 _2ddc
_cBK
999 _c34993
_d34993